Defensa de Sócrates

Salvato in:
Dettagli Bibliografici
Autore principale: Platón (Autore)
Natura: Libro
Lingua:spagnolo
Pubblicazione: Buenos Aires Aguilar, Altea, Taurus, Alfaguara S. A de Ediciones 2010
Edizione:1a. ed
Serie:Los Libros que Cambiaron el Mundo
Soggetti:
Tags: Aggiungi Tag
Nessun Tag, puoi essere il primo ad aggiungerne!!

MARC

LEADER 00000cam a2200000 a 4500
001 UCD6701
003 CL-VaPUC
008 170113e20100000ag |||||||||||||||||spa|d
020 |a 9789870415503 
082 0 4 |a 184  |b PLA  |2 21 
100 0 |a Platón  |e author  |9 222 
245 1 0 |a Defensa de Sócrates 
246 1 0 |a Critón 
246 1 0 |a Hipias menos 
246 1 0 |a Ion 
246 1 3 |a El banquete 
246 1 0 |a Fedro 
246 1 0 |a Fedón 
250 |a 1a. ed 
300 |a 414 p 
942 |c BK 
945 |d 20170113 07:29:00  |a dcastane 
260 |a Buenos Aires  |b Aguilar, Altea, Taurus, Alfaguara S. A de Ediciones  |c 2010 
650 0 |a Filosofía antigua   |9 255705 
650 0 |a Alma   |9 259008 
650 0 |a Amor  |9 257817 
650 0 |a Belleza   |9 265712 
583 |a last modification  |c 20170113 07:29:00  |k Rodrigo Vera 
490 0 |a Los Libros que Cambiaron el Mundo 
999 |c 366906  |d 366904 
952 |0 0  |1 0  |3 erd  |4 0  |6 184_000000000000000_PLA_2010  |7 0  |8 C  |9 481542  |a BIBCUR  |b BIBCUR  |i 5359236  |l 2  |o 184 PLA 2010  |p 5359236  |r 2025-04-22  |s 2024-03-06  |w 2019-11-24  |y BK  |z Catalogado en:20170113  |k CAC